|
|
|
|
| LEADER |
00000nab a2200000 a 4500 |
| 001 |
vtls000808722 |
| 003 |
SK-MaSNL |
| 005 |
20260304174705.0 |
| 008 |
160324c2002 xo 0 slo |
| 015 |
|
|
|a SNBRB2002/11-35019
|
| 035 |
|
|
|a CLN000160377
|
| 040 |
|
|
|a SNKBUCL
|b slo
|c SNKBUCL
|e AACR2
|
| 041 |
0 |
|
|a slo
|
| 044 |
|
|
|a xo
|c SK
|
| 080 |
|
|
|a 613.63:616-006.32:061.3
|2 1997
|
| 100 |
1 |
|
|a Šulcová, Margaréta,
|d 1940-
|4 aut
|9 5684
|
| 245 |
1 |
0 |
|a Malígny mezotelióm a expozícia azbestu
|c M. Šulcová, I. Pleško, B. Kákošová
|
| 650 |
0 |
7 |
|a kongresy
|2 snkbucl
|9 19200
|
| 650 |
0 |
7 |
|a azbest
|2 snkbucl
|9 57688
|
| 650 |
0 |
7 |
|a mezotelióm
|x diagnóza
|x epidemiológia
|2 snkbucl
|9 1506245
|
| 650 |
0 |
7 |
|a choroby z povolania
|2 snkbucl
|9 2542
|
| 650 |
0 |
7 |
|a opatrenia bezpečnostné
|x štatistika a číselné údaje
|2 snkbucl
|9 1506246
|
| 655 |
|
7 |
|a články z novín a časopisov
|2 snkbucl
|9 267496
|
| 700 |
1 |
|
|a Pleško, Ivan,
|d 1930-2016
|4 aut
|9 165500
|
| 700 |
1 |
|
|a Kákošová, B.
|4 aut
|9 1506247
|
| 711 |
1 |
|
|a Kongres pracovného lekárstva s medzinárodnou účasťou
|n 26.
|d 2001
|c Tatranské Zruby, Slovensko
|4 aut
|9 1208692
|
| 711 |
1 |
|
|a Košické dni pracovného lekárstva a toxikológie
|n (3. :
|d 2001 :
|c Tatranské Zruby, Slovensko)
|4 aut
|9 23697
|
| 773 |
0 |
|
|x 1212-6721
|t České pracovní lékařství
|g Roč. 3, č. 2 (2002), s. 93
|
| 850 |
|
|
|a Slovenská národná knižnica v Martine
|
| 852 |
|
|
|a SNK
|b KIS3GCP
|
| 958 |
|
|
|a MI
|
| 958 |
|
|
|a RBX
|
| 999 |
|
|
|c 3010083
|d 3012013
|